World Geography by letter M - Statistics

General Stats
  • This quiz has been taken 90 times
  • The average score is 11 of 15
Answer Stats
Hint Answer % Correct
Capital of Russia Moscow
100%
Holiest City in Islam Mecca
99%
Country on the Southern border of the USA Mexico
99%
Capital of Spain Madrid
98%
Formerly known as Bombay Mumbai
96%
Sea that separates Europe from Africa Mediterranean Sea
94%
Longest tributary of the longest river in North America Missouri river
84%
Canadian Province Manitoba
80%
Region in Northeast China and Southeast Russia Manchuria
57%
One of the oldest and most important Cities in Egypt Memphis
54%
Sea that connects the Black and Aegean Sea's Sea of Marmara
52%
Longest river in North America Mississippi river
44%
Second largest island in The Philippines Mindanao
38%
Largest Spanish island in the Balearic Sea Mallorca
37%
Body of water that seperates Madagascar and mainland Africa Mozambique Channel
21%
No matching quizzes found
Score Distribution
Percent of People with Each Score
Percentile by Number Answered
Your Score History
You have not taken this quiz